Movies Quiz

Random Movies or Numbers Quiz

Tattoos in Movies II Quiz Stats

Quiz Updated Nov 10, 2012

Also try: Tattoos in Movies
Challenge
Share
Tweet
Score 0/20 Timer 06:00
1 Play Today
Number(Year) Movie Title % Correct
Toy Story
88.7%
The Twilight Saga: New Moon
83.9%
The Hangover Part II
82.3%
Blade
65.3%
Harry Potter and the Goblet of Fire
61.8%
Star Trek
56.7%
The Girl with the Dragon Tattoo
51.2%
The Blues Brothers
33.4%
X-Men: The Last Stand
30.1%
The Number 23
24.9%
Number(Year) Movie Title % Correct
Alpha Dog
22.4%
The Fifth Element
21%
Black Swan
19.1%
Warrior
15.6%
Waterworld
14.1%
Starship Troopers
14.1%
Legion
10.3%
Wedding Crashers
10.3%
Reign of Fire
9.9%
Mystic River
6.1%

You're not logged in!

Compare scores with friends on all Sporcle quizzes.
Join for Free
OR
Log In

You Might Also Like...

Show Comments

Extras

Top Quizzes Today


Score Distribution

Your Account Isn't Verified!

In order to create a playlist on Sporcle, you need to verify the email address you used during registration. Go to your Sporcle Settings to finish the process.

Report this User

Report this user for behavior that violates our Community Guidelines.

Details: